00737 2200277 4500001002100000005001500021035002000036008004100056245003800097100002100135260004400156300001300200020002100213084001400234082000800248650001600256990002100272990001900293990002100312990002100333990002100354990002100375990002100396990002100417990002100438INLIS00000000000223120240822074956 a0010-0724002231240822 0 ind 1 aAbdan Syakuron /cSiddi Da Luthfi aLuthfi, Siddi Da aSurabaya :bDuta Ikhwaana Salama,c2014 a411 hlm. a991-024-155-47-4 a297 SID a a297 4aAGAMA ISLAM aP29/CP/24/2231.9 aP29/CP/24/2231 aP29/CP/24/2231.2 aP29/CP/24/2231.3 aP29/CP/24/2231.4 aP29/CP/24/2231.5 aP29/CP/24/2231.6 aP29/CP/24/2231.7 aP29/CP/24/2231.8